MDQL
is popping MORE tags! Check the
thread
!
Quizzes
Events
Quiz Creation
Community
Videos
Private Events
Remove Ads
Sign In
Join for FREE
Feedback
Dark Mode
Quiz Categories
Sports
Geography
Music
Movies
Television
Just For Fun
Miscellaneous
History
Literature
Language
Science
Gaming
Entertainment
Religion
Holiday
For Kids
Quiz Lab
Recent
Popular Today
Quiz Kudos Today
Editor Picks
Curator Picks
Quizzes by...
Day
Popularity
Type
Ratings
Length
Year
Community
Subscriptions
Recent Discussions
Orange Saloon
Badges
Playlists
Quests
Create
Leaderboards
Showdown
Live 5
Trivia Bingo
Activity
Puzzle Library
Sporcle Events
Private Events
Virtual Trivia
Globe League
Become a Host
Pub Owners
SporcleCon
Opinionation
Our Games
Videos
Blog
Mobile Apps
Partnerships
Remove Ads and Go Orange
Feedback
Sports
Athletes
MLB
NBA
NHL
NFL
Soccer
Sports Teams
WWE
NCAA
Football
Premier League
Basketball
Baseball
Hockey
Golf
Tennis
Cricket
Rugby
Auto Racing
Olympics
World Cup
Sports
Athletes
MLB
NBA
NHL
NFL
Soccer
Sports Teams
WWE
NCAA
Football
Premier League
Basketball
Baseball
Hockey
Golf
Tennis
Cricket
Rugby
Auto Racing
Olympics
World Cup
Random Quiz
Search Sporcle
×
Quiz Lab
Quiz Lab
Sports
NBA
Type in answers that appear in a list
Type in answers that appear in a list
Classic
Best Score? Go Orange.
March 2011: Top Five Scorers Per Day (NBA) Stats
Can you name the five players with the highest point totals for everyday in March 2011?
By
sultanofswing
8m
162 Questions
4,000 Plays
4,000 Plays
4,000 Plays
Comments
Comments
Give Quiz Kudos
Give Quiz Kudos
-
- Ratings
hide this ad
More Info
Replay
Link that replays current quiz
Next Quiz
Link to next quiz in quiz playlist
You Got
0%
They Got
Avg Score
72%
Avg Friend Score
Upgrade to see
Score Distribution
Jump to the score distribution portion of the page
Score
0/162
Timer
08:00
0
Plays Today
% Correct
Carmelo Anthony
98%
Carmelo Anthony
98%
Carmelo Anthony
98%
Carmelo Anthony
98%
Carmelo Anthony
98%
Carmelo Anthony
98%
Carmelo Anthony
98%
Carmelo Anthony
98%
Carmelo Anthony
98%
Lebron James
97%
Lebron James
97%
Lebron James
97%
Lebron James
97%
Lebron James
97%
Lebron James
97%
Lebron James
97%
Lebron James
97%
Dirk Nowitzki
96.1%
Dirk Nowitzki
96.1%
Dirk Nowitzki
96.1%
Dirk Nowitzki
96.1%
Dirk Nowitzki
96.1%
Dwyane Wade
95.8%
Dwyane Wade
95.8%
Dwyane Wade
95.8%
Dwyane Wade
95.8%
Dwyane Wade
95.8%
Dwyane Wade
95.8%
Dywane Wade
95.6%
Dirk Nowitzki
94.3%
Kevin Durant
93.6%
Kevin Durant
93.6%
Kevin Durant
93.6%
Kevin Durant
93.6%
Kevin Durant
93.6%
Dwight Howard
93.6%
Dwight Howard
93.6%
Dwight Howard
93.6%
Dwight Howard
93.6%
Dwight Howard
93.6%
Dwight Howard
93.6%
Dwight Howard
93.6%
Kobe Bryant
91.6%
Kobe Bryant
91.6%
Kobe Bryant
91.6%
Amare Stoudemire
90.5%
Amare Stoudemire
90.5%
Amare Stoudemire
90.5%
Amare Stoudemire
90.5%
Amare Stoudemire
90.5%
David West
90.4%
David West
90.4%
Kobe Bryant
89.8%
Derrick Rose
89.6%
% Correct
Derrick Rose
89.6%
Derrick Rose
89.6%
Derrick Rose
89.6%
Derrick Rose
89.6%
Derrick Rose
89.6%
Derrick Rose
89.6%
Russell Westbrook
89.3%
Russell Westbrook
89.3%
Stephen Curry
88.9%
Stephen Curry
88.9%
Stephen Curry
88.9%
Paul Pierce
88.9%
Chris Bosh
88.6%
Chris Bosh
88.6%
Kevin Garnett
88.4%
Kevin Garnett
88.4%
John Wall
86.9%
John Wall
86.9%
Monta Ellis
83.8%
Monta Ellis
83.8%
Monta Ellis
83.8%
Monta Ellis
83.8%
Mo Williams
82.4%
Mo Williams
82.4%
Joe Johnson
81.1%
Chris Paul
80.3%
Chris Paul
80.3%
Tony Parker
80.2%
Tony Parker
80.2%
Danny Granger
78.9%
Danny Granger
78.9%
JR Smith
76.8%
Josh Smith
76.8%
LaMarcus Aldridge
75.8%
LaMarcus Aldridge
75.8%
LaMarcus Aldridge
75.8%
Al Horford
72.9%
AL Horford
72.9%
Blake Griffin
71.6%
Blake Griffin
71.6%
Manu Ginobili
70.9%
DeMarcus Cousins
70.8%
DeMarcus Cousins
70.7%
Rajon Rondo
70.2%
Vince Carter
70.2%
Vince Carter
70.2%
Zach Randolph
68.5%
Zach Randolph
68.5%
Anthony Randolph
68.4%
Jason Terry
68.4%
Al Jefferson
67.4%
Al Jefferson
67.4%
Al Jefferson
67.4%
Al Jefferson
67.4%
% Correct
Al Jefferson
67.4%
Al Jefferson
67.4%
Brook Lopez
66.3%
Brook Lopez
66.3%
DeMar Derozan
66.1%
DeMar Derozan
66.1%
DeMar Derozan
66.1%
David Lee
64.8%
David Lee
64.8%
Kevin Martin
62.2%
Kevin Martin
62.2%
Kevin Martin
62.2%
Chauncey Billups
62%
Chauncey Billups
62%
Paul Millsap
59.5%
Paul Millsap
59.5%
Shawn Marion
58%
Brandon Jennings
57.1%
George Hill
56%
Andrei Bargnani
52.8%
Andrei Bargnani
52.8%
Jason Richardson
52.8%
Kyle Lowry
50.8%
Kyle Lowry
50.8%
Stephen Jackson
50.1%
Gerald Wallace
46.4%
Gerald Wallace
46.4%
Roy Hibbert
46.3%
Eric Gordon
43.3%
Ty Lawson
43.2%
Nene Hilario
42.6%
Jordan Crawford
40.1%
Lamar Odom
39%
Nick Young
37.2%
Richard Hamilton
31.2%
Channing Frye
27.5%
Tyler Hansbrough
26.7%
Tyler Hansbrough
26.7%
Dorell Wright
25.7%
Dorell Wright
25.7%
Dorrell Wright
25.6%
Marcus Thornton
25.3%
Marcus Thornton
25.3%
Marcus Thornton
25.3%
Marcus Thornton
25.2%
John Salmons
22.8%
Leandro Barbosa
19.5%
CJ Miles
18.9%
CJ Miles
18.9%
Toney Douglas
18.4%
Anthony Morrow
13.3%
Carlos Delfino
12.1%
Samuel Dalembert
10.4%
Hakim Warrick
8.2%
Quiz Playlist
Details
Report
Send in Message
Add To Playlist
More Info:
If there was a tie for 5th I included both players. For March 16th, there are to many players to list that have 26 points.
Classic:
Type in answers that appear in a list
Quiz Source
Last Updated: Feb 16, 2017
Quiz Scoreboard
CHALLENGE
Sign Up to Join the Scoreboard
Show All
Scores
Hide
Comments
May contain spoilers
Recently Published
Two Season TV Shows II
by 123Four
Television
10m
Image Sorting: Flags VI
by Barbecue
Geography
2m
Find the 'City' Movie
by crazypaving
Movies
60s
More to Explore
Quiz From the Vault
Featured Blog Post
14 Easter Pick-up Lines to Find Eggs With
hide this ad
You Might Also Like...
Tags
Basketball Quiz
NBA Quiz
2011
Everyday
Five
highest
March
Player
point
total
Today's Top Quizzes in Sports
Browse Sports
hide this ad
Today's Top Quizzes in NBA
Browse NBA
Top Contributed Quizzes in Sports
1
Les meilleurs buteurs des matchs entre le PSG et l’OM
2
Les entraîneurs de l'OM et du PSG au 21e siècle
3
2022 World Cup Stars
4
Les joueurs passés par le PSG et l'OM
5
Players with Multiple 50 Home Run Seasons
6
FIFA Club World Cup Champions
7
Criteria MLB: Left Handed Sluggers
8
Les joueurs passés par le LOSC et le RC Lens
9
Top 10 NHL Goal Scorers of All Time
10
MLB Players with Two .350 Batting Average Seasons
Explore More
Trending Topics
Kpop
Marvel
Crossword
Harry Potter
Disney
NBA
Anime
WWE
Country
NFL
Pokémon
The Office
Song
Puzzle
Soccer
hide this ad
More By:
sultanofswing
Quiz
Plays
Rating
Category
Featured
Created
NBA Top 3 MVP Voting By Year
514,808
4.79
Sports
Apr 19, 2012
NBA Every 25 PPG Scorer In History
295,055
4.67
Sports
Dec 14, 2011
NBA Starters By Team (2000s)
185,192
4.56
Sports
Jan 24, 2011
NBA 2 Teammates, 35 Pts, 1 Game (2000s)
173,225
4.30
Sports
Mar 19, 2011
NFL 1,000 Yard Rushers
160,359
4.79
Sports
Sep 27, 2011
Go to Creator's Profile
Score Distribution
Quiz Creator Spotlight
sultanofswing
Follow
Send a Message
Quizzes Created
-
Created Quiz Play Count
-
More By This Creator
Popular Quizzes Today
1
Find the US States - No Outlines Minefield
2
Colored Red Africa Blitz
3
Find the 'City' Movie
4
5x2 Blitz: Bands
5
The Countries of the World
6
Find the Countries of Europe - No Outlines Minefield
7
Find the US States
8
US States
More Sports Quizzes
Virgil van Dijk's Career
Quiz Lab
Trending Quizzes
Colored Red Europe Blitz I
Colored Red Africa Blitz II
Colored Red Europe Blitz II
Colored Red Africa Blitz III
Colored Red Europe Blitz III
Recently Updated
How Do You Spell That?
pecheneg
Godzilla Movies
pecheneg
Grab Bag: 4-10 Letters
pecheneg
2024 March Madness Bracket
pecheneg
Famous TV Couples
Peacemaker
Champions League XIs: Real Madrid
pecheneg
Largest US Cities 1790-2010
pecheneg
Rides in Walt Disney World
pecheneg
Most Oscar Losses (Acting)
pecheneg
Beyoncé Albums
pecheneg
Trending Topics
Anime
NBA
Kpop
Disney
Marvel
Harry Potter
Crossword
WWE
Country
Soccer
Pokémon
The Office
Puzzle
NFL
Song
Your Account Isn't Verified!
In order to create a playlist on Sporcle, you need to verify the email address you used during registration. Go to your
Sporcle Settings
to finish the process.
Report this User
Report this user for behavior that violates our
Community Guidelines
.
Details:
Send Report
Go to the Sporcle.com Mobile Site →
Comments